header

The lopsided spread of Christianity (Record no. 18328)

MARC details
000 -LEADER
fixed length control field 01211nam a22003014a 4500
082 04 - DEWEY DECIMAL CLASSIFICATION NUMBER
Classification number 270
100 1# - MAIN ENTRY--AUTHOR NAME
Personal name Montgomery, Robert L.
245 14 - TITLE STATEMENT
Title The lopsided spread of Christianity
260 ## - PUBLICATION, DISTRIBUTION, ETC. (IMPRINT)
Place of publication Westport, Conn. :
Name of publisher Praeger,
Year of publication 2002.
300 ## - PHYSICAL DESCRIPTION
Number of Pages xv, 190 p.
650 #0 - SUBJECT ADDED ENTRY--TOPICAL TERM
Topical Term Missions
Topical Term Christian sociology
856 40 - ELECTRONIC LOCATION AND ACCESS
Uniform Resource Identifier http://site.ebrary.com/lib/rucke/Doc?id=10005692

No items available.

© 2026 Rongo University
Contact us: librarian | system librarian | Rongo university